000 00335nam a2200133 i 4500
001 bg
100 1 _aHASDORFF, Lawrenca
245 0 _aGradiont :
_bOptimization and Nonlinear Control /
_cLawrenca Hasdorff.
260 _aNew York,
_c1976.
040 _cBPK
041 _apol
942 _cKS
008 s pl f |000 0 pol
999 _c17713
_d17713
856 _uhttp://koha.tu.koszalin.pl/cgi-bin/koha/opac-detail.pl?biblionumber=17713
_yKatalog online BPK